000
00245nam a2200121Ia 4500
100
_a
CIMI-DGET
942
_c
BK
245
_a
Sheet Metal Worker Assignment/Test.
260
_b
CIMI
_a
Chennai
300
_a
60
546
_a
ENGLISH
999
_c
30646
_d
30646